00806cam a22002291 45000010008000000030009000080050017000170080041000340100017000750350019000920400043001110420012001540500021001660820013001871000039002002450035002392500153002742600039004273000061004665040029005276510020005569816668BDDh-ASL20231015030131.0800716s1958 enkabc b 000 0 eng  a 58004883  a(OCoLC)6518811 aDLCcOUrCdOCoLCdODaWUdDLCdBDDh-ASL apremarc00aDS436b.S55 1958 a954bSMO1 aSmith, Vincent Arthur,d1848-1920.14aThe Oxford history of India /  a3d ed.,bedited by Percival Spear. Pt. 1 rev. by Mortimer Wheeler and A. L. Basham; pt. 2 rev. by J. B. Harrison; pt. 3 rewritten by Percival Spear. aOxford : bClarendon Press,c1958. axiii, 898 p. : billus., ports., maps ( 1 fold.)c19 cm. aIncludes bibliographies. 0aIndiaxHistory.